Т. 2; Практический курс китайского языка

Podrobná bibliografie
Parent link:Практический курс китайского языка: учебник/ под ред. А. Ф. Кондрашевского. т. 2.— 9 изд., испр..— , 2006
Shrnutí:Настоящий вариант издания учебника «Практический курс китайского языка» (тт. 1-2) ставит своей целью, сохранив принципиально основную концепцию, со­держание и структуру китайского учебника (Пекин, 1986), максимально адаптировать его к задачам и условиям преподавания современного китайского языка в российских учебных заведениях. В связи с этим были уточнены тексты исходных комментариев китайского издания учебника на русском языке, введены отдельные новые упражнения по переводу, переработаны и дополнены страноведческие справки (рубрика «Знаешь ли ты?»). Учебник «Практический курс китайского языка» может быть рекомендован в качестве базового учебника для студентов младших курсов языковых и неязыко­вых вузов, а также для изучающих китайский язык в средней школе, либо само­стоятельно.
Jazyk:čínština
Vydáno: 2006
Témata:
Médium: MixedMaterials
KOHA link:https://koha.lib.tpu.ru/cgi-bin/koha/opac-detail.pl?biblionumber=103060

MARC

LEADER 00000nmm2a2200000 4500
001 103060
005 20231031113235.0
010 |a 5170310056 
010 |a 5-478-00132-5 
010 |a 5-17-013706-0 
010 |a 5-478-00130  
035 |a (RuTPU)RU\TPU\book\111117 
035 |a RU\TPU\book\27642 
090 |a 103060 
100 |a 20061011d2006 m y0rusy50 ca 
101 2 |a chi  |b rus 
102 |a RU 
105 |a y j 000zy 
200 0 |a Т. 2 
210 |d 2006 
215 |a 386 с. 
330 |a Настоящий вариант издания учебника «Практический курс китайского языка» (тт. 1-2) ставит своей целью, сохранив принципиально основную концепцию, со­держание и структуру китайского учебника (Пекин, 1986), максимально адаптировать его к задачам и условиям преподавания современного китайского языка в российских учебных заведениях. В связи с этим были уточнены тексты исходных комментариев китайского издания учебника на русском языке, введены отдельные новые упражнения по переводу, переработаны и дополнены страноведческие справки (рубрика «Знаешь ли ты?»). Учебник «Практический курс китайского языка» может быть рекомендован в качестве базового учебника для студентов младших курсов языковых и неязыко­вых вузов, а также для изучающих китайский язык в средней школе, либо само­стоятельно. 
461 1 |0 (RuTPU)RU\TPU\book\111670  |t Практический курс китайского языка  |o учебник  |o в 2 т.  |f под ред. А. Ф. Кондрашевского  |v т. 2  |e 9 изд., испр.  |d 2006 
610 1 |a китайский язык 
610 1 |a учебные пособия 
610 1 |a разговорная речь 
610 1 |a устная речь 
610 1 |a лексика 
610 1 |a грамматика 
610 1 |a кассеты 
686 |a Ш171.11-923  |v LBC/SL-A  |2 rubbk 
801 0 |a RU  |b 63413507  |c 20011209  |g PSBO 
801 2 |a RU  |b 63413507  |c 20221206  |g PSBO 
900 |a Иностранный язык 
942 |c MX 
951 |b 031203  |b 032300  |b 032301 
959 |a 31/20060510  |d 10  |e 450  |f ИЯ:10